ბათუმის შოთა რუსთაველის სახელმწიფო უნივერსიტეტის ბიბლიოთეკა

Эконометрика начальный курс (ბიბ.ჩანაწერი № 37201)

000 -LEADER
fixed length control field 00605nam a2200217Ia 4500
001 - CONTROL NUMBER
control field 3158
003 - CONTROL NUMBER IDENTIFIER
control field GE_BSU
008 - FIXED-LENGTH DATA ELEMENTS--GENERAL INFORMATION
fixed length control field 181216s||||||||xx |||||||||||||| ||und||
020 ## - INTERNATIONAL STANDARD BOOK NUMBER
International Standard Book Number 5774900533
040 ## - CATALOGING SOURCE
Transcribing agency GE_BSU
080 ## - UNIVERSAL DECIMAL CLASSIFICATION NUMBER
Universal Decimal Classification number 330.43(075.8)
100 ## - MAIN ENTRY--PERSONAL NAME
Personal name Магнус, Я.Р. П.К. Катышев, А.А. Пересецкий.
245 ## - TITLE STATEMENT
Title Эконометрика начальный курс
260 ## - PUBLICATION, DISTRIBUTION, ETC.
Place of publication, distribution, etc. Москва
260 ## - PUBLICATION, DISTRIBUTION, ETC.
Name of publisher, distributor, etc. Дело
260 ## - PUBLICATION, DISTRIBUTION, ETC.
Date of publication, distribution, etc. 1997
300 ## - PHYSICAL DESCRIPTION
Extent 248 ст.
653 ## - INDEX TERM--UNCONTROLLED
Uncontrolled term Эконометрика начальный курс
942 ## - ADDED ENTRY ELEMENTS (KOHA)
Koha item type წიგნი
ეგზემპლარები
Withdrawn status Lost status Damaged status Not for loan Date acquired Barcode Date last seen Price effective from Koha item type Public note
        2018-12-17 7793 2018-12-17 2018-12-17 წიგნი დარბაზი
        2018-12-17 8148 2018-12-17 2018-12-17 წიგნი დარბაზი
        2018-12-17 8149 2018-12-17 2018-12-17 წიგნი დარბაზი
        2018-12-17 8150 2018-12-17 2018-12-17 წიგნი დარბაზი